000 00441nam a22001817a 4500
005 20230415111727.0
008 230414b |||||||| |||| 00| 0 eng d
020 _a978-1-118-90727-6
041 _aeng
082 _a610 NGR-D
100 _aN G, RICK
_97795
245 _aDRUGS FROM DISCOVERY TO APPROVAL
250 _a3rd ed.
260 _bWILEY BLACKWELL
300 _a536;P.
650 _aPHARMACY
_xB. PHARMA
_97796
942 _cBK
999 _c8294
_d8292